000 00498nam a2200181 4500
001 26424
005 20230410103856.0
008 060907n1980 dr spa
020 _a0060113014
035 _9funglode26623
041 _aEN
050 1 4 _a415 DS 254.5 F696f 1980
100 _aForbis, William H.
245 1 _aFall of the peacock throne :
_bthe story of Iran /
_cWilliam H. Forbis
260 _aNew York :
_bHarper & Row,
_c1980
300 _aviii, 305 p.
942 _2lcc
_cbk
999 _c27545
_d27545